000
00224 a2200109 4500
020
_a
9781368045759
041
_a
spa
100
_a
WILLEMS, Mo
245
_a
Un tipo grande se llevo mi pelota
942
_c
BK
952
_7
4
_x
ok
999
_c
25964
_d
25964